Airbus predpovedá 2 1/2 násobnú flotilu nákladných lietadiel prognózy európskeho výrobcu do roku 2025

Bibliographic Details
Main Author: Michalová, Anna (Author)
Format: Article
Language:Slovak
ISSN:1337-0138
Subjects:

MARC

LEADER 00000nab a2200000 ar4500
001 vtls008962838
003 SK-MaSNL
005 20260303070733.0
008 070411c2007 xo mr|p|||||||000 b|slo
015 |a SNBRB2007/04  |2 snkbucl 
038 |a SNKBUCL 
040 |a SNKBUCL  |b slo  |c SNKBUCL  |e AACR2 
041 0 |a slo 
044 |a xo  |c SK 
080 |a 629.73:061.5  |2 2001 
100 1 |a Michalová, Anna  |4 aut  |9 8440 
245 1 0 |a Airbus predpovedá 2 1/2 násobnú flotilu nákladných lietadiel  |b prognózy európskeho výrobcu do roku 2025  |c Anna Michalová 
610 2 7 |a Airbus (Francúzsko)   |2 snkbucl  |9 108810 
773 0 |t Doprava a logistika  |g Roč. 2., č. 2 (2007), s. 34-35  |x 1337-0138 
852 |a SNK  |b KIS3GCP 
999 |c 1756714  |d 1758644